000 00447nam a2200205Ia 4500
001 13233
003 GE_BSU
008 181216s||||||||xx |||||||||||||| ||und||
020 _a9781846052590
040 _cGE_BSU
080 _a821.111-312.4
100 _aPatterson,James.
245 _a8th confession.
260 _aLondon.
260 _bMixed Sources.
260 _c2009
300 _a360p;24cm.
653 _a8th confession.
942 _cBK
999 _c46397
_d46397